[Event "2nd AICF Women-GM 2018"]
[Site "Hyderabad"]
[Date "2018.08.14"]
[Round "9"]
[White "Pratyusha, Bodda"]
[Black "Chitlange Sakshi"]
[Result "1-0"]
[WhiteElo "2294"]
[BlackElo "2144"]
[Annotator "ChessBase"]
[PlyCount "71"]
[EventDate "2018.08.09"]
[EventType "tourn"]
[EventCountry "IND"]
[SourceTitle "playchess.com"]
[Source "ChessBase"]
[SourceQuality "1"]
[TimeControl "40/5400+30:1800+30"]

1. e4 {[%emt 0:00:00]} c6 {[%emt 0:00:00]} 2. d4 {[%emt 0:00:00]} d5 {[%emt 0:00:00]} 3. Nc3 {[%emt 0:00:00]} dxe4 {[%emt 0:00:00]} 4. Nxe4 {[%emt 0:00:00]} Nf6 {[%emt 0:00:00]} 5. Nxf6+ {[%emt 0:00:10]} exf6 {[%emt 0:00:00]} 6. c3 {[%emt 0:00:15]} Bd6 {[%emt 0:00:33]} 7. Bd3 {[%emt 0:00:05]} Be6 {[%emt 0:01:10]} 8. Ne2 {[%emt 0:00:06]} Qc7 {[%emt 0:00:28]} 9. Qc2 {[%emt 0:01:27]} h6 {[%emt 0:01:54]} 10. Bd2 {[%emt 0:00:12]} Nd7 {[%emt 0:01:01]} 11. c4 {[%emt 0:02:22]} b6 {[%emt 0:13:51]} 12. h3 {[%emt 0:02:54]} O-O {[%emt 0:07:39]} 13. O-O {[%emt 0:00:42]} Rfe8 {[%emt 0:00:04]} 14. b4 {[%emt 0:04:32]} c5 {[%emt 0:02:15]} 15. bxc5 {[%emt 0:05:31]} bxc5 {[%emt 0:00:05]} 16. d5 {[%emt 0:00:12]} Bf5 {[%emt 0:00:09]} 17. Bxf5 {[%emt 0:00:32]} Rxe2 {[%emt 0:00:01]} 18. Ba5 {[%emt 0:00:29]} Qxa5 19. Qxe2 {[%emt 0:00:16]} Nb6 {[%emt 0:21:56]} 20. Bd3 {[%emt 0:03:08]} Be5 {[%emt 0:03:59]} 21. Rab1 {[%emt 0:00:07]} Na4 {[%emt 0:03:11]} 22. Qe4 {[%emt 0:01:59]} g6 {[%emt 0:01:19]} 23. Rb5 {[%emt 0:04:13]} Qd8 {[%emt 0:03:10]} 24. Qh4 {[%emt 0:00:26]} Kg7 {[%emt 0:02:25]} 25. Rb7 {[%emt 0:02:17]} Bc7 {[%emt 0:02:58]} 26. Qe4 {[%emt 0:03:44]} f5 {[%emt 0:04:00]} 27. Qe3 {[%emt 0:01:46]} Qd6 {[%emt 0:02:35]} 28. g3 {[%emt 0:00:11]} Nb6 {[%emt 0:01:18]} 29. Re1 {[%emt 0:00:47]} Nc8 {[%emt 0:09:46]} 30. f4 {[%emt 0:02:30]} Rb8 {[%emt 0:06:39]} 31. Rxb8 {[%emt 0:00:10]} Bxb8 {[%emt 0:00:01]} 32. Qe5+ {[%emt 0:00:24]} f6 {[%emt 0:02:16]} 33. Qe8 {[%emt 0:00:51]} Qc7 {[%emt 0:01:55]} 34. Re6 {[%emt 0:00:16]} Qb7 {[%emt 0:02:38]} 35. Qd8 {[%emt 0:01:26]} Qb2 {[%emt 0:04:01]} 36. Qd7+ {[%emt 0:00:12]} 1-0

[Event "2nd AICF Women-GM 2018"]
[Site "Hyderabad"]
[Date "2018.08.14"]
[Round "9"]
[White "Aakanksha Hagawane"]
[Black "Munguntuul, Batkhuyag"]
[Result "0-1"]
[WhiteElo "2292"]
[BlackElo "2428"]
[Annotator "NA"]
[PlyCount "84"]
[EventDate "2018.08.09"]
[EventType "tourn"]
[EventCountry "IND"]
[SourceTitle "playchess.com"]
[Source "ChessBase"]
[SourceQuality "1"]
[TimeControl "40/5400+30:1800+30"]

1. e4 {[%emt 0:00:00]} c5 {[%emt 0:00:00]} 2. Nf3 {[%emt 0:00:00]} e6 {[%emt 0:00:00]} 3. c4 {[%emt 0:00:00]} Nc6 {[%emt 0:00:00]} 4. Nc3 {[%emt 0:00:00]} Nd4 {[%emt 0:00:00]} 5. d3 {[%emt 0:01:12]} Ne7 {[%emt 0:00:40]} 6. Nxd4 {[%emt 0:01:32]} cxd4 {[%emt 0:00:10]} 7. Ne2 {[%emt 0:00:21] N} Nc6 {[%emt 0:00:14] LiveBook: 20 Games} 8. g3 {[%emt 0:01:39]} a6 {[%emt 0:12:06]} 9. Bg2 {[%emt 0:03:13]} b5 {[%emt 0:00:27]} 10. cxb5 {[%emt 0:01:37] axb} axb5 {[%emt 0:00:19]} 11. O-O {[%emt 0:00:07]} Bc5 {[%emt 0:03:36]} 12. f4 {[%emt 0:06:46]} O-O {[%emt 0:02:17]} 13. g4 {[%emt 0:02:07]} e5 {[%emt 0:16:22]} 14. Ng3 {[%emt 0:13:45]} exf4 {[%emt 0:05:45]} 15. Bxf4 {[%emt 0:01:04]} d6 {[%emt 0:00:28]} 16. e5 {[%emt 0:05:01]} dxe5 {[%emt 0:08:49]} 17. Bd2 {[%emt 0:03:38]} e4 {[%emt 0:21:19]} 18. Rc1 {[%emt 0:02:26]} ({Stronger than} 18. Nxe4 Be7 $11) ({Don't do} 18. Bxe4 Qb6) 18... Ne5 {[%emt 0:00:39]} 19. Rxc5 {[%emt 0:17:22]} Bxg4 {[%emt 0:00:08]} 20. Qc2 {[%emt 0:03:23]} Nxd3 {[%emt 0:01:32]} (20... Nf3+ $142 21. Bxf3 exf3) 21. Rg5 {[%emt 0:02:03]} ({Don't take} 21. Bxe4 $6 Nxc5 22. Bxa8 (22. Qxc5 Rxa2 23. Bg5 Qc8 $11) 22... Qxa8 $16) 21... Rc8 {[%emt 0:01:32] [#]} 22. Qb3 $2 {[%emt 0:06:39]} (22. Qb1 $1 $18 f5 {[#]} 23. Bxe4 $1 {[%mdl 512]} (23. Nxf5 Bxf5 24. Rgxf5 Rxf5 $16) 23... fxe4 24. Rxg4) 22... Be6 {[%emt 0:00:58]} 23. Qd1 {[%emt 0:00:21]} (23. Qxb5 $11 Rb8 24. Qa5) 23... e3 {[%emt 0:01:17]} 24. Qh5 $1 {[%emt 0:01:32]} Nf4 $15 {[%emt 0:04:39]} 25. Rxf4 {[%emt 0:12:49]} exd2 {[%emt 0:00:08]} 26. Bf3 {[%emt 0:02:07]} Rc1+ {[%emt 0:05:54]} 27. Kg2 {[%emt 0:00:27]} d1=Q {[%emt 0:00:19]} 28. Bxd1 {[%emt 0:00:03]} Rxd1 {[%emt 0:00:08]} 29. Ne4 {[%emt 0:01:01]} f6 {[%emt 0:08:16]} 30. Rg3 {[%emt 0:03:04]} Rb1 {[%emt 0:01:13]} 31. Rh4 {[%emt 0:01:40]} Rxb2+ {[%emt 0:00:02]} 32. Kf3 {[%emt 0:01:23]} Rf7 {[%emt 0:00:22]} 33. Qxh7+ {[%emt 0:05:13]} Kf8 {[%emt 0:00:02]} 34. Qh8+ {[%emt 0:01:56]} Ke7 {[%emt 0:00:02]} 35. Rxg7 {[%emt 0:00:22]} Qxh8 {[%emt 0:00:18]} 36. Rxf7+ {[%emt 0:00:01]} Bxf7 {[%emt 0:02:06]} 37. Rxh8 {[%emt 0:00:02]} Bxa2 {[%emt 0:01:04]} 38. Rh7+ {[%emt 0:00:44]} Ke6 {[%emt 0:00:04]} 39. Nc5+ {[%emt 0:00:47]} Kd5 {[%emt 0:00:29]} 40. Nd3 {[%emt 0:01:54]} Rb3 {[%emt 0:00:04]} 41. Rd7+ {[%emt 0:04:37]} Ke6 {[%emt 0:01:50]} 42. Rxd4 {[%emt 0:01:09]} Bb1 {[%emt 0:00:03] 0} 0-1

[Event "2nd AICF Women-GM 2018"]
[Site "Hyderabad"]
[Date "2018.08.14"]
[Round "9"]
[White "Babiy, Olga"]
[Black "Monnisha G K"]
[Result "1-0"]
[WhiteElo "2291"]
[BlackElo "2219"]
[Annotator "NA"]
[PlyCount "103"]
[EventDate "2018.08.09"]
[EventType "tourn"]
[EventCountry "IND"]
[SourceTitle "playchess.com"]
[Source "ChessBase"]
[SourceQuality "1"]
[TimeControl "40/5400+30:1800+30"]

1. e4 {[%emt 0:00:00]} e5 {[%emt 0:00:00]} 2. Nf3 {[%emt 0:00:00]} Nc6 {[%emt 0:00:00]} 3. Nc3 {[%emt 0:00:00]} Nf6 {[%emt 0:00:00]} 4. a3 {[%emt 0:00:00]} d5 {[%emt 0:02:50]} 5. Bb5 {[%emt 0:00:00] C47: Scotch Four Knights and Four Knights with 4 g3} Nxe4 {[%emt 0:06:38]} 6. Qe2 {[%emt 0:00:05]} Nxc3 {[%emt 0:18:29] LiveBook: 17 Games} (6... Qd6 7. Nxe4 dxe4 8. Qxe4 Bd7 9. d3 O-O-O 10. O-O Re8 11. Qe2 Qg6 12. Be3 Bd6 {0-1 (55) Caruana,F (2816)-Kramnik,V (2792) Paris 2018}) 7. Qxe5+ {[%emt 0:00:09]} Qe7 {[%emt 0:01:01]} 8. dxc3 {[%emt 0:04:59]} Bd7 {[%emt 0:00:32]} 9. Qxe7+ {[%emt 0:00:19]} Bxe7 {[%emt 0:00:52]} 10. Bf4 {[%emt 0:00:47]} O-O-O {[%emt 0:01:52]} 11. O-O-O {[%emt 0:01:57]} a6 {[%emt 0:02:22]} 12. Be2 $146 {[%emt 0:00:29]} ({Predecessor:} 12. Ba4 Bg4 {1-0 (39) Vidic,T (2159)-Motycakova,M (2143) Heraklio 2017}) 12... Bf5 {[%emt 0:01:44]} 13. Rhe1 {[%emt 0:02:28]} Bc5 {[%emt 0:05:00]} 14. Nd4 {[%emt 0:00:33]} Bxd4 {[%emt 0:06:11]} 15. cxd4 {[%emt 0:00:14]} Rhe8 {[%emt 0:00:18]} 16. b3 {[%emt 0:12:29]} Re7 {[%emt 0:05:33]} 17. Be3 {[%emt 0:00:25]} Be4 {[%emt 0:02:19]} 18. Bf1 {[%emt 0:02:58]} ({Much weaker is} 18. Bg5 f6 $15) 18... Re6 {[%emt 0:07:05]} 19. Kb2 {[%emt 0:01:28]} Ne7 {[%emt 0:03:43]} 20. f3 {[%emt 0:06:25]} Bg6 {[%emt 0:02:04]} 21. g4 {[%emt 0:00:13]} Re8 {[%emt 0:04:02]} 22. Bf2 {[%emt 0:02:29]} Nc6 {[%emt 0:00:54]} 23. Rxe6 {[%emt 0:00:53]} fxe6 {[%emt 0:01:21]} 24. Bg3 {[%emt 0:03:51]} Rf8 {[%emt 0:02:13]} 25. Bg2 {[%emt 0:00:31]} Kd7 {[%emt 0:02:26]} 26. c4 {[%emt 0:00:40]} dxc4 {[%emt 0:05:28]} 27. bxc4 {[%emt 0:00:20]} Na5 {[%emt 0:00:46]} 28. Kc3 {[%emt 0:00:30]} c6 $2 {[%emt 0:08:22]} (28... b6 $16) 29. c5 $18 {[%emt 0:06:26]} b5 {[%emt 0:01:15]} 30. cxb6 {[%emt 0:00:08]} Nb7 {[%emt 0:00:21]} 31. a4 {[%emt 0:02:42]} a5 {[%emt 0:00:44]} 32. Re1 {[%emt 0:00:37]} Nd6 {[%emt 0:02:27]} 33. Re2 {[%emt 0:05:12]} Rc8 {[%emt 0:01:18]} 34. Rb2 {[%emt 0:01:35]} Nb7 {[%emt 0:01:02]} 35. Be5 {[%emt 0:00:52]} Bf7 {[%emt 0:01:55]} 36. Bxg7 {[%emt 0:02:13]} Rg8 {[%emt 0:00:22]} 37. Be5 {[%emt 0:00:14]} Bg6 {[%emt 0:00:50]} 38. f4 {[%emt 0:02:51]} h5 {[%emt 0:00:19]} 39. h3 {[%emt 0:00:31]} Rc8 {[%emt 0:00:20]} 40. Kc4 {[%emt 0:00:32]} Rg8 {[%emt 0:00:39]} 41. Bf3 {[%emt 0:30:16]} hxg4 {[%emt 0:30:18]} 42. hxg4 {[%emt 0:00:02]} Rf8 {[%emt 0:00:15]} 43. Kc3 {[%emt 0:01:07]} Rc8 {[%emt 0:00:11]} 44. Rh2 {[%emt 0:00:11]} Rf8 {[%emt 0:00:09]} 45. Rh6 {[%emt 0:00:15]} Rg8 {[%emt 0:00:08]} 46. f5 {[%emt 0:00:31]} exf5 {[%emt 0:00:05]} 47. gxf5 {[%emt 0:00:02]} Bxf5 {[%emt 0:00:07]} 48. Bxc6+ {[%emt 0:00:14]} Kc8 {[%emt 0:00:05]} 49. d5 {[%emt 0:00:27]} Be4 {[%emt 0:01:00]} 50. Kd4 {[%emt 0:00:20]} Bf5 {[%emt 0:00:11]} 51. Rf6 {[%emt 0:00:12]} Bh3 {[%emt 0:00:17]} 52. Rf7 {[%emt 0:00:14]} 1-0

[Event "2nd AICF Women-GM 2018"]
[Site "Hyderabad"]
[Date "2018.08.14"]
[Round "9"]
[White "Prudnykova, Olga"]
[Black "Hoang, Thi Bao Tram"]
[Result "1/2-1/2"]
[WhiteElo "2272"]
[BlackElo "2364"]
[Annotator "NA"]
[PlyCount "80"]
[EventDate "2018.08.09"]
[EventType "tourn"]
[EventCountry "IND"]
[SourceTitle "playchess.com"]
[Source "ChessBase"]
[SourceQuality "1"]
[TimeControl "40/5400+30:1800+30"]

{[%evp 8,69,64,32767,53,47,89,88,95,82,84,64,75,52,53,32767,32767,32767,32767,10,24,32767,12,0,23,32767,32767,22,10,17,12,0,5,10,41,7,45,27,56,32767,32767,32767,32767,32767,32767,32767,32767,32767,32767,32767,32767,-152,-150,-139,-151,-139,-147,32767,32767,32767,32767,32767,43,-93]} 1. e4 {[%emt 0:00:00]} c6 {[%emt 0:00:00]} 2. d4 {[%emt 0:00:00]} d5 {[%emt 0:00:00]} 3. exd5 {[%emt 0:00:00]} Qxd5 {[%emt 0:00:27]} 4. Nc3 {[%emt 0:00:51]} Qd6 {[%emt 0:00:09]} 5. Bc4 {[%emt 0:04:26]} Nf6 {[%emt 0:00:43] B01: Scandinavian Defence} 6. Nge2 {[%emt 0:00:16]} (6. h3 Bf5 7. g4 Be6 8. Bb3 Bd5 9. Nxd5 cxd5 10. Nf3 Nc6 11. Qe2 e6 12. c3 Nd7 13. Be3 {0-1 (45) Edouard,R (2680)-Bauer,C (2658) Nimes 2014}) 6... Bg4 {[%emt 0:02:04] LiveBook: 16 Games} (6... e6 $11 {keeps the balance.}) 7. f3 {[%emt 0:00:38]} Bh5 {[%emt 0:00:09]} 8. Bf4 {[%emt 0:09:40]} Qd8 {[%emt 0:00:13]} 9. Qd2 {[%emt 0:02:04]} e6 {[%emt 0:00:16]} 10. g4 {[%emt 0:05:03]} Bg6 {[%emt 0:00:26]} 11. h4 {[%emt 0:00:09]} h5 $146 {[%emt 0:02:18]} ({Predecessor:} 11... h6 12. h5 Bh7 13. O-O-O {½-½ (50) Kasperek,K (1509)-Gudelajtis,A (1499) Suwalki 2011}) 12. g5 {[%emt 0:00:23]} Nd5 {[%emt 0:04:05]} 13. Nxd5 {[%emt 0:11:59]} cxd5 {[%emt 0:00:25]} 14. Bd3 {[%emt 0:00:03]} Bxd3 {[%emt 0:00:25]} 15. Qxd3 {[%emt 0:00:02]} g6 {[%emt 0:00:32]} 16. Be5 {[%emt 0:00:24]} Rg8 {[%emt 0:00:18]} 17. f4 {[%emt 0:08:35]} Nc6 {[%emt 0:02:25]} 18. c3 {[%emt 0:01:09]} Bd6 {[%emt 0:02:13]} 19. O-O {[%emt 0:01:55]} Ne7 {[%emt 0:02:07]} 20. Ng3 {[%emt 0:00:13]} Qd7 {[%emt 0:02:01]} 21. Rf2 {[%emt 0:04:30]} Bxe5 {[%emt 0:08:17]} 22. fxe5 {[%emt 0:04:32]} Nf5 {[%emt 0:00:31]} 23. Nxf5 {[%emt 0:04:07]} exf5 {[%emt 0:00:33]} 24. c4 {[%emt 0:00:56]} dxc4 {[%emt 0:01:21]} 25. Qxc4 {[%emt 0:00:09]} Rc8 {[%emt 0:01:15]} 26. Qb4 {[%emt 0:03:06]} Qd5 {[%emt 0:05:24]} 27. Rd1 {[%emt 0:06:32]} Rc4 {[%emt 0:04:45]} 28. Qb3 {[%emt 0:01:50]} Kd7 {[%emt 0:00:50]} 29. e6+ {[%emt 0:07:38]} fxe6 {[%emt 0:04:16]} 30. Re2 {[%emt 0:00:03]} Rxd4 {[%emt 0:05:18]} 31. Rxd4 {[%emt 0:03:43]} Qxd4+ {[%emt 0:01:39]} 32. Kf1 {[%emt 0:00:03]} Qd5 {[%emt 0:02:51]} 33. Qb4 {[%emt 0:00:05]} a5 {[%emt 0:03:01]} 34. Qf4 {[%emt 0:00:41] [#]} Qh1+ $14 {[%emt 0:13:59]} ({Besser ist} 34... Qc5 $1 $19 35. Qf3 Rb8 36. Rd2+ Ke7) 35. Kf2 {[%emt 0:00:09]} Rc8 {[%emt 0:00:22]} 36. Rd2+ {[%emt 0:06:49]} Ke8 {[%emt 0:00:42]} 37. Qd4 {[%emt 0:00:27]} Qh2+ {[%emt 0:01:15]} 38. Kf3 {[%emt 0:00:03]} Qh1+ {[%emt 0:00:28]} 39. Kf2 {[%emt 0:00:04]} Qh2+ {[%emt 0:00:14]} 40. Kf3 {[%emt 0:00:05]} Qh1+ {[%emt 0:00:11] Ke4} 1/2-1/2

[Event "2nd AICF Women-GM 2018"]
[Site "Hyderabad"]
[Date "2018.08.14"]
[Round "9"]
[White "Mahalakshmi, M."]
[Black "Nakhbayeva, Guliskhan"]
[Result "0-1"]
[WhiteElo "2177"]
[BlackElo "2352"]
[Annotator "NA"]
[PlyCount "72"]
[EventDate "2018.08.09"]
[EventType "tourn"]
[EventCountry "IND"]
[SourceTitle "playchess.com"]
[Source "ChessBase"]
[SourceQuality "1"]
[TimeControl "40/5400+30:1800+30"]

1. d4 {[%emt 0:00:00]} Nf6 {[%emt 0:00:00]} 2. Nf3 {[%emt 0:00:00]} d5 {[%emt 0:00:00]} 3. Bf4 {[%emt 0:00:00]} c5 {[%emt 0:00:00]} 4. e3 {[%emt 0:00:11]} Nc6 {[%emt 0:00:07]} 5. Nbd2 {[%emt 0:00:42] D02: Damenbauernspiele} (5. c3 e6 6. Nbd2 cxd4 7. exd4 Nh5 8. Bg5 f6 9. Be3 Bd6 10. Bb5 O-O 11. O-O Ne7 12. Re1 Bd7 13. Bd3 g6 14. Bh6 Rf7 {½-½ (83) Caruana,F (2822)-Aronian,L (2767) chess.com INT 2018}) 5... Qb6 {[%emt 0:00:16] LiveBook: 67 Games} 6. dxc5 {[%emt 0:00:26]} Qxb2 {[%emt 0:00:06]} 7. Be2 {[%emt 0:07:41]} g6 {[%emt 0:04:58]} 8. O-O {[%emt 0:02:52]} Bg7 {[%emt 0:00:04]} 9. c4 {[%emt 0:04:04]} Nh5 $146 {[%emt 0:10:59]} ({Vorgänger:} 9... O-O 10. Qc1 Nh5 11. Qxb2 Bxb2 12. Bh6 Bxa1 13. Bxf8 Kxf8 14. Rxa1 {0-1 (39) Skoberne,J (2563)-Bok,B (2622) Batumi 2018}) 10. Rb1 {[%emt 0:13:36]} Qxa2 {[%emt 0:00:22]} 11. Bc7 {[%emt 0:01:15]} O-O {[%emt 0:04:59]} 12. Qc1 {[%emt 0:03:01]} Bf5 {[%emt 0:10:19]} 13. Rxb7 {[%emt 0:10:58]} Qa6 {[%emt 0:01:49]} 14. Rb3 {[%emt 0:02:20]} Rac8 {[%emt 0:03:44]} (14... dxc4 $15 15. Bxc4 (15. Qxc4 Qc8 $17) (15. Nxc4 Rac8 $11) 15... Qc8) 15. Re1 {[%emt 0:02:56]} d4 {[%emt 0:05:59]} 16. Ra3 {[%emt 0:08:56]} Qb7 {[%emt 0:00:19]} 17. Bg3 {[%emt 0:02:41]} Nxg3 {[%emt 0:00:45]} 18. hxg3 {[%emt 0:00:42]} dxe3 {[%emt 0:02:03]} 19. Rxe3 {[%emt 0:00:17]} Bh6 {[%emt 0:01:54]} 20. Ra3 {[%emt 0:00:52]} Rfd8 {[%emt 0:00:29]} 21. Qc3 {[%emt 0:02:04]} Qb4 {[%emt 0:04:19]} 22. Nf1 {[%emt 0:02:07]} Qxc5 {[%emt 0:00:49]} 23. Ra4 {[%emt 0:05:59] [#]} a5 $1 {[%emt 0:05:41]} 24. Rd1 {[%emt 0:06:45]} Rxd1 {[%emt 0:03:03]} 25. Bxd1 {[%emt 0:00:12]} Rd8 {[%emt 0:00:09]} 26. Be2 {[%emt 0:00:53]} Bg7 {[%emt 0:03:03]} 27. Qe3 {[%emt 0:03:16]} Nd4 {[%emt 0:02:18]} 28. Kh2 {[%emt 0:01:49]} h6 {[%emt 0:07:27]} 29. Nxd4 {[%emt 0:02:04]} Bxd4 {[%emt 0:00:25]} ({Not} 29... Qxd4 30. Rxa5 Be6 31. Ra2 $17) ({Much less strong is} 29... Rxd4 30. Qa3 $17) 30. Qd2 $19 {[%emt 0:00:27]} Ra8 {[%emt 0:03:01]} 31. Ne3 {[%emt 0:04:24]} Bd7 {[%emt 0:01:01]} 32. Ra2 {[%emt 0:00:16]} Bc6 {[%emt 0:00:42]} 33. Nd5 {[%emt 0:02:47]} Bxd5 {[%emt 0:04:12]} 34. cxd5 {[%emt 0:00:03]} Bxf2 {[%emt 0:00:24]} 35. Qxh6 {[%emt 0:04:28]} Be3 {[%emt 0:01:21]} 36. Qh4 {[%emt 0:01:56]} Kg7 {[%emt 0:00:28]} 0-1

[Event "2nd AICF Women-GM 2018"]
[Site "Hyderabad"]
[Date "2018.08.15"]
[Round "10"]
[White "Hoang, Thi Bao Tram"]
[Black "Babiy, Olga"]
[Result "1/2-1/2"]
[WhiteElo "2364"]
[BlackElo "2291"]
[Annotator "TA"]
[PlyCount "147"]
[EventDate "2018.08.09"]
[EventType "tourn"]
[EventCountry "IND"]
[SourceTitle "playchess.com"]
[Source "ChessBase"]
[SourceQuality "1"]

{[%evp 20,147,-12,-6,-8,-52,-49,-41,-17,-38,23,26,17,18,46,40,77,31,46,10,70,65,49,59,81,75,63,14,32,0,75,74,84,93,89,71,79,66,64,52,77,41,52,39,154,89,220,242,227,243,256,254,253,108,146,79,86,62,59,66,114,67,141,124,174,85,102,31,31,28,28,0,0,0,60,56,75,45,48,35,39,28,43,22,25,25,33,23,43,21,21,25,24,9,44,41,52,0,0,0,51,51,57,30,37,23,30,32,30,9,11,12,35,27,45,45,52,13,28,6,39,15,14,0,0,0,0,0,0,0]} 1. d4 Nf6 2. Nf3 e6 3. Bg5 b6 4. Nbd2 d5 5. e3 Be7 6. Bd3 Nbd7 7. c3 Bb7 8. Qb1 c5 9. O-O h6 10. Bh4 {D03: 1 d4 d5 2 Nf3 Nf6 3 Bg5, including Torre Attack with early ...d5} O-O 11. Re1 {LiveBook: 3 Games} (11. b4 cxb4 12. cxb4 Rc8 13. Qb2 Ne4 14. Bxe7 Qxe7 15. Rfc1 Nd6 16. b5 {1-0 (77) Moradiabadi,E (2528)-Sevian,S (2614) chess.com INT 2018}) 11... Rc8 12. Ne5 Nxe5 13. dxe5 Nd7 $146 ({Predecessor:} 13... Ng4 14. Bg3 Bh4 15. f4 Bxg3 16. hxg3 {1-0 (40) Trent,L (2463)-Von Meijenfeldt,B (2265) Douglas 2016}) 14. Bg3 f5 ({Better is} 14... c4 $15 15. Bh7+ Kh8) 15. exf6 $11 Bxf6 16. Qd1 Ne5 17. Bb1 Qe8 18. e4 d4 19. f4 dxc3 (19... Rd8 $1 $11 20. fxe5 dxc3 21. exf6 (21. bxc3 $2 Bg5 $19) 21... cxb2) 20. bxc3 $14 Rd8 $1 {[#] aiming for ...Nc4!} 21. Qe2 $1 ({Avoid the trap} 21. fxe5 $2 Bg5 $19) 21... Nc6 22. e5 Be7 23. Nf1 h5 24. h3 (24. h4 {is more complex.} g6 25. Bc2 Na5 26. Red1 Qf7 27. Nd2) 24... g6 (24... g5 $11) 25. Nd2 $16 Na5 26. Nf3 Bxf3 27. Qxf3 Kg7 28. Qe4 Qf7 29. Qe2 Rd7 30. Bc2 Rfd8 31. Rad1 c4 (31... Rxd1 $1 $14 32. Rxd1 Rxd1+ 33. Qxd1 h4) 32. Kh1 (32. Rxd7 $142 Rxd7 33. Kh1) 32... b5 (32... Rxd1 $16 {is a better defense.} 33. Rxd1 Rxd1+ 34. Qxd1 h4) 33. Rxd7 $18 Rxd7 34. Rf1 Rd8 35. Bf2 Nb7 {[%cal Ba5b7,Bb7c5,Bc5d3][%mdl 32] [#]} 36. Be3 ({Less strong is} 36. Bxa7 Bc5 $14) (36. Bd4 $1 $18 {is the precise move to win.}) 36... Bc5 37. Bc1 (37. Rf3 $142) 37... Be7 $16 38. Qf3 Nc5 39. Be3 Nd3 40. Bxa7 h4 (40... Bc5 $14 41. Bxc5 Nxc5) 41. Bd4 b4 42. Bxd3 (42. Qc6 $18 {Hoping for f5.} bxc3 43. Qxc4) 42... bxc3 43. Bxc4 (43. Qe4 $16 cxd3 44. Bxc3) 43... Rxd4 $14 44. Bb3 g5 {[%cal Rd4f4]} 45. fxg5 (45. Qxc3 {keeps more tension.} Rxf4 46. Rg1 Rf1 47. Qe3 Qf2 48. Qxf2 Rxf2 49. a4) 45... Qxf3 46. Rxf3 Bxg5 (46... Bb4 $11) 47. Rxc3 $11 {[%mdl 4096] Endgame KRB-KRB} Re4 {Black wants to play ...Re1+.} 48. g3 ({Don't go for} 48. Bxe6 $2 Re1+ 49. Kh2 Bf4+ 50. g3 Bxe5 $19) 48... Rxe5 49. Kg2 hxg3 50. Rxg3 Kf6 51. Rd3 Re2+ 52. Kf3 Re1 53. Rd4 Rf1+ 54. Kg3 Rg1+ 55. Kf2 Rh1 56. Rd6 Bh4+ 57. Kf3 Re1 58. Kg4 Re4+ 59. Kf3 Re1 60. Rd4 Bg5 61. Rb4 Rf1+ 62. Ke2 Rf4 63. Rb6 Re4+ 64. Kf3 Re3+ 65. Kf2 Re4 66. Ra6 Rf4+ 67. Kg2 Re4 68. Rc6 Re3 69. Rc4 Kf5 70. Bc2+ Ke5 {The position is equal.} 71. h4 Bxh4 72. Rxh4 {Black must now prevent Bb3.} Re2+ 73. Kf3 Rxc2 74. Rh3 {Precision: White = 37%, Black = 43%.} 1/2-1/2

[Event "2nd AICF Women-GM 2018"]
[Site "Hyderabad"]
[Date "2018.08.15"]
[Round "10"]
[White "Nandhidhaa, PV."]
[Black "Pratyusha, Bodda"]
[Result "1/2-1/2"]
[WhiteElo "2266"]
[BlackElo "2294"]
[Annotator "NA"]
[PlyCount "63"]
[EventDate "2018.08.09"]
[EventType "tourn"]
[EventCountry "IND"]
[SourceTitle "playchess.com"]
[Source "ChessBase"]
[SourceQuality "1"]
[TimeControl "40/5400+30:1800+30"]

1. Nf3 {[%emt 0:00:20]} d5 {[%emt 0:00:00]} 2. g3 {[%emt 0:00:52]} Bg4 {[%emt 0:00:00]} 3. Bg2 {[%emt 0:00:12]} c6 {[%emt 0:00:00]} 4. O-O {[%emt 0:00:21]} Nd7 {[%emt 0:00:04]} 5. d4 {[%emt 0:00:29]} Ngf6 {[%emt 0:00:36]} 6. b3 {[%emt 0:00:16]} e6 {[%emt 0:01:52]} 7. Bb2 {[%emt 0:00:36]} Bd6 {[%emt 0:00:43]} 8. Nbd2 {[%emt 0:00:31]} O-O {[%emt 0:00:22]} 9. h3 {[%emt 0:01:34]} Bxf3 {[%emt 0:00:06]} 10. Bxf3 {[%emt 0:00:47]} Re8 {[%emt 0:00:06]} 11. e4 {[%emt 0:02:13]} dxe4 {[%emt 0:00:39]} 12. Nxe4 {[%emt 0:00:12]} Nxe4 {[%emt 0:01:51]} 13. Bxe4 {[%emt 0:00:11]} Nf6 {[%emt 0:00:05]} 14. Bg2 {[%emt 0:00:42]} e5 {[%emt 0:00:08]} 15. dxe5 {[%emt 0:00:48]} Bxe5 {[%emt 0:00:07]} 16. Bxe5 {[%emt 0:00:25]} Rxe5 {[%emt 0:00:23]} 17. Qxd8+ {[%emt 0:00:11]} Rxd8 {[%emt 0:00:04]} 18. Rad1 {[%emt 0:00:27]} Rxd1 {[%emt 0:03:28]} 19. Rxd1 {[%emt 0:00:19]} Re2 {[%emt 0:00:42]} 20. Rd8+ {[%emt 0:01:30]} Re8 {[%emt 0:00:06]} 21. Rxe8+ {[%emt 0:00:04]} Nxe8 {[%emt 0:00:04]} 22. f4 {[%emt 0:00:45]} Kf8 {[%emt 0:00:05]} 23. Kf2 {[%emt 0:00:05]} Ke7 {[%emt 0:00:12]} 24. Ke3 {[%emt 0:00:09]} Kd6 {[%emt 0:00:03]} 25. Kd4 {[%emt 0:00:09]} Nc7 {[%emt 0:00:14]} 26. Be4 {[%emt 0:00:49]} h6 {[%emt 0:00:08]} 27. c4 {[%emt 0:00:37]} Ne6+ {[%emt 0:00:25]} 28. Kc3 {[%emt 0:00:17]} Nc5 {[%emt 0:00:16]} 29. Kd4 {[%emt 0:00:32]} Ne6+ {[%emt 0:00:04]} 30. Kc3 {[%emt 0:00:20]} Nc5 {[%emt 0:00:13]} 31. Kd4 {[%emt 0:00:19]} Ne6+ {[%emt 0:00:05]} 32. Kc3 {Ke5} 1/2-1/2